| 000 | 00581 a2200193 4500 | ||
|---|---|---|---|
| 005 | 20251216113811.0 | ||
| 008 | 251216b |||||||| |||| 00| 0 eng d | ||
| 020 |
_a9789354666889 _cRs. 995.00 |
||
| 040 | _aMAIN | ||
| 082 |
_a611.018 _bS21T(2) |
||
| 100 | _aSontakke, Yogesh Ashok | ||
| 245 | _aTextbook of human histology color atlas, hand-drawn illustrations and flowcharts with functional correlation | ||
| 250 | _a2nd | ||
| 260 |
_bCBS Publishers and Distributors _c2026 _aNew Delhi |
||
| 300 | _axvi, 370 | ||
| 650 | _aHuman Histology | ||
| 650 | _aCell | ||
| 942 | _cBK | ||
| 999 |
_c393669 _d393669 |
||